[Event "IV Open Internacional Calvià"]
[Site "Calvia"]
[Date "2007.10.15"]
[Round "1.34"]
[White "Campos Calvo-Sotelo, Juan"]
[Black "Zugic, Igor"]
[Result "1-0"]
[WhiteElo "1971"]
[BlackElo "2477"]
[PlyCount "125"]
[EventDate "2007.10.15"]

1. b3 c5 2. c4 Nc6 3. Bb2 e5 4. e3 g6 5. f4 d6 6. Nf3 Bg7 7. Be2 Nge7 8. O-O
O-O 9. fxe5 dxe5 10. Nc3 e4 11. Ng5 f5 12. a3 h6 13. Nh3 g5 14. Qc2 b6 15. Rad1
Ne5 16. Nxe4 fxe4 17. Bxe5 Bxe5 18. Qxe4 Bxh3 19. gxh3 Bf6 20. Bd3 Rf7 21. Rf2
Rc8 22. Rdf1 Rc6 23. Bb1 Kf8 24. b4 Qd7 25. Qg2 Qe6 26. Be4 Rd6 27. d3 Kg7 28.
h4 Qe5 29. Rf3 Rd8 30. hxg5 hxg5 31. h4 Rdf8 32. Qg4 Ng8 33. Qh5 Rd8 34. hxg5
Kf8 35. Bg6 Rg7 36. Rxf6+ Nxf6 37. Rxf6+ Ke7 38. Kf2 Rf8 39. Bf5 Rff7 40. Qh6
Qxf5+ 41. Rxf5 Rxf5+ 42. Ke2 Rfxg5 43. Qh4 Kd7 44. d4 cxd4 45. Qxd4+ Kc7 46.
Qf4+ Kb7 47. Kf3 Rg1 48. Qh4 Rf7+ 49. Ke2 Rc7 50. Kd3 Ra1 51. Qe4+ Kb8 52. a4
Rc1 53. a5 Rd1+ 54. Kc2 Rd8 55. axb6 axb6 56. Kb3 Rdc8 57. Qf4 Kb7 58. Qe5 Rd8
59. c5 bxc5 60. bxc5 Rd1 61. Kc2 Rdd7 62. Kc3 Rc6 63. e4 1-0

[Event "IV Open Internacional Calvià"]
[Site "Calvia"]
[Date "2007.10.15"]
[Round "1.35"]
[White "Wirig, Anthony"]
[Black "Thollin, Robert"]
[Result "1-0"]
[WhiteElo "2467"]
[BlackElo "1964"]
[PlyCount "57"]
[EventDate "2007.10.15"]

1. c4 c5 2. g3 Nf6 3. Bg2 d5 4. cxd5 Nxd5 5. Nc3 Nc7 6. Qb3 Nc6 7. Bxc6+ bxc6
8. Qa4 Bd7 9. Nf3 f6 10. d3 e5 11. Ne4 Ne6 12. Be3 Qb6 13. Nfd2 Qb5 14. Qc2 Be7
15. Rc1 O-O 16. Nxc5 Nxc5 17. Bxc5 Bxc5 18. Qxc5 Qxb2 19. Qc4+ Kh8 20. Rb1 Qa3
21. O-O Qd6 22. Ne4 Qd5 23. Rfc1 Rab8 24. Qa6 Rxb1 25. Rxb1 f5 26. Qa3 Ra8 27.
Nc3 Qd4 28. e3 Qg4 29. Qxa7 1-0

[Event "IV Open Internacional Calvià"]
[Site "Calvia"]
[Date "2007.10.15"]
[Round "1.37"]
[White "Iturrizaga, Eduardo"]
[Black "Sparreboom, Willem"]
[Result "1-0"]
[WhiteElo "2435"]
[BlackElo "1960"]
[PlyCount "77"]
[EventDate "2007.10.15"]

1. e4 e6 2. d4 d5 3. Nc3 Nf6 4. Bg5 dxe4 5. Nxe4 Be7 6. Bxf6 gxf6 7. Nf3 a6 8.
Bc4 f5 9. Ned2 b5 10. Bb3 Bb7 11. Qe2 Nd7 12. a4 c6 13. O-O O-O 14. Rfe1 Bf6
15. c3 c5 16. axb5 cxd4 17. cxd4 axb5 18. Rad1 Qb6 19. Qe3 Kh8 20. Nf1 Rg8 21.
Ng3 Rg4 22. h3 f4 23. Qe2 Rg6 24. Nh5 Qd6 25. Bc2 Rh6 26. Ne5 Bxe5 27. dxe5 Qc6
28. Nxf4 Rg8 29. Be4 Qc7 30. Qxb5 Bxe4 31. Rxe4 Qc2 32. Qe2 Qc7 33. b4 Nb6 34.
Qe3 Rd8 35. Rxd8+ Qxd8 36. Rd4 Qf8 37. Qd2 Kg7 38. Rd3 Kh8 39. Rd8 1-0

[Event "IV Open International Calvia"]
[Site "?"]
[Date "2007.10.15"]
[Round "1.39"]
[White "Lariño Nieto, David"]
[Black "Bondielli, Giorgio"]
[Result "1-0"]
[WhiteElo "2428"]
[BlackElo "1944"]
[PlyCount "49"]
[EventDate "2007.10.15"]

1. e4 e5 2. Nf3 Nf6 3. d4 Nxe4 4. Bd3 d5 5. Nxe5 Bd6 6. O-O O-O 7. c4 Bxe5 8.
dxe5 c6 9. cxd5 Qxd5 10. Qc2 Nc5 11. Bxh7+ Kh8 12. b4 Ne6 13. Be4 Qxe5 14. Bb2
Qh5 15. Bf3 Qg5 16. Re1 f6 17. Nd2 Nf4 18. Ne4 Qg6 19. Qd2 Nd5 20. Nd6 Nd7 21.
Re4 Ne5 22. Rh4+ Kg8 23. Be4 f5 24. Bxd5+ cxd5 25. Bxe5 1-0

[Event "IV Open Internacional Calvià"]
[Site "Calvia"]
[Date "2007.10.15"]
[Round "1.40"]
[White "Edvardsen, Ingar"]
[Black "Manik, Mikulas"]
[Result "0-1"]
[WhiteElo "1941"]
[BlackElo "2420"]
[PlyCount "70"]
[EventDate "2007.10.15"]

1. e4 c5 2. Nc3 d6 3. Nf3 Nc6 4. Bb5 Bd7 5. O-O Nf6 6. Re1 e6 7. d4 cxd4 8.
Nxd4 Be7 9. Be3 O-O 10. Nxc6 Bxc6 11. Bd3 a6 12. f3 b5 13. Ne2 e5 14. g4 d5 15.
Ng3 d4 16. Bd2 Nd7 17. Nf5 Re8 18. Kh1 Bf8 19. Rg1 Nc5 20. Qf1 Ne6 21. g5 g6
22. Nh6+ Bxh6 23. gxh6 Kh8 24. c4 bxc4 25. Bxc4 Qf6 26. Rg3 Rab8 27. b4 Bb5 28.
a4 Bxc4 29. Qxc4 Nf4 30. Rc1 d3 31. Qc7 Ne2 32. Kg2 Nxc1 33. Qxc1 Rbc8 34. Qa3
Qd6 35. f4 Rc2 0-1

[Event "IV Open Internacional Calvià"]
[Site "Calvia"]
[Date "2007.10.15"]
[Round "1.42"]
[White "Antoniacci, Riccardo"]
[Black "Pogorelov, Ruslan"]
[Result "0-1"]
[WhiteElo "1935"]
[BlackElo "2411"]
[PlyCount "72"]
[EventDate "2007.10.15"]

1. e4 c5 2. Nf3 Nc6 3. Bb5 g6 4. O-O Bg7 5. Re1 Nf6 6. c3 O-O 7. d4 d5 8. e5
Ne4 9. Nbd2 Nxd2 10. Bxd2 Qb6 11. Bxc6 bxc6 12. Qb3 c4 13. Qa3 Re8 14. h3 Bf5
15. g4 Bd3 16. e6 f6 17. b4 a5 18. Qc1 axb4 19. cxb4 Be4 20. Qc3 Bxf3 21. Qxf3
Qxd4 22. Be3 Qc3 23. b5 d4 24. Rac1 Qa3 25. Rxc4 dxe3 26. Rxe3 Qxa2 27. Qxc6
Rab8 28. Rb4 Qa5 29. Rb1 Qb6 30. Qd7 Bf8 31. Qd3 Red8 32. Qe2 Rd5 33. Reb3 Re5
34. Qc4 Qxe6 35. Qxe6+ Rxe6 36. b6 Rb7 0-1

[Event "IV Open Internacional Calvià"]
[Site "Calvia"]
[Date "2007.10.15"]
[Round "1.43"]
[White "Gonzalez, Rodriguez Jorge A"]
[Black "Moreno Mateos, Jose Luis"]
[Result "1-0"]
[WhiteElo "2405"]
[BlackElo "1931"]
[PlyCount "93"]
[EventDate "2007.10.15"]

1. c4 e5 2. Nc3 Nf6 3. g3 Bb4 4. Bg2 Bxc3 5. dxc3 O-O 6. Nf3 d6 7. O-O Re8 8.
Ne1 Na6 9. e4 Be6 10. Qe2 Qd7 11. Nc2 Bh3 12. Bg5 Bxg2 13. Kxg2 Qe6 14. Rad1 h6
15. Bc1 Nc5 16. f3 Nh7 17. Ne3 Nf8 18. Nd5 Rac8 19. Qc2 Ng6 20. b3 Ne7 21. Be3
b6 22. Rd2 Nxd5 23. cxd5 Qg6 24. Bxc5 bxc5 25. b4 Rf8 26. bxc5 f5 27. exf5 Qxf5
28. Qxf5 Rxf5 29. c6 Rb8 30. Rff2 Kf7 31. Rb2 Rb6 32. a4 Kg6 33. a5 Ra6 34. Ra2
Rf7 35. Rfb2 Kf5 36. Ra4 g5 37. Rb7 h5 38. h3 Re7 39. Rbb4 Kf6 40. Kf2 Re8 41.
Ke3 Kg7 42. Rb7 Re7 43. Rb8 Kf6 44. Rf8+ Kg7 45. Rd8 Kf7 46. Kd3 Kf6 47. Kc4
1-0

[Event "IV Open Internacional Calvià"]
[Site "Calvia"]
[Date "2007.10.15"]
[Round "1.44"]
[White "Lucena Cifre, Rafael Jose"]
[Black "Teran Alvarez, Ismael"]
[Result "0-1"]
[WhiteElo "1922"]
[BlackElo "2402"]
[PlyCount "62"]
[EventDate "2007.10.15"]

1. d4 Nf6 2. c4 c5 3. d5 a6 4. Nc3 b5 5. cxb5 axb5 6. Qc2 b4 7. Ne4 Nxe4 8.
Qxe4 d6 9. Nf3 g6 10. e3 Bg7 11. Bb5+ Nd7 12. O-O O-O 13. Rd1 Nf6 14. Qh4 Bf5
15. Bd3 Qc8 16. Bxf5 Qxf5 17. Qc4 Ra7 18. a4 bxa3 19. Rxa3 Rxa3 20. bxa3 Rb8
21. Qa2 Ne4 22. Qc2 Nc3 23. Qxf5 gxf5 24. Re1 Nxd5 25. Bd2 Nc3 26. Kf1 Ne4 27.
Rc1 Rb2 28. Ke1 Ra2 29. Rb1 h6 30. Rb8+ Kh7 31. Ra8 Nxd2 0-1

[Event "IV Open Internacional Calvià"]
[Site "Calvia"]
[Date "2007.10.15"]
[Round "1.45"]
[White "Martinez Martin, David"]
[Black "Strikovic, Maja"]
[Result "1-0"]
[WhiteElo "2400"]
[BlackElo "1917"]
[PlyCount "57"]
[EventDate "2007.10.15"]

1. d4 Nf6 2. c4 e5 3. dxe5 Ng4 4. e3 Nxe5 5. Nh3 Nbc6 6. Nf4 Bc5 7. Be2 O-O 8.
O-O Re8 9. Nc3 a5 10. Nfd5 Ne7 11. f4 N5g6 12. Kh1 Nxd5 13. cxd5 Bxe3 14. f5
Nf8 15. Bxe3 Rxe3 16. Qd2 Re5 17. d6 cxd6 18. Bc4 d5 19. Nxd5 Qh4 20. Rf4 Qg5
21. Qd4 d6 22. Rg4 Qd8 23. Rf1 h6 24. Rg3 Kh8 25. f6 Ne6 26. fxg7+ Kg8 27. Qf2
Ng5 28. Rxg5 Rxg5 29. Qxf7+ 1-0

[Event "IV Open Internacional Calvià"]
[Site "Calvia"]
[Date "2007.10.15"]
[Round "1.46"]
[White "Mollet, Rene"]
[Black "Aloma Vidal, Robert"]
[Result "0-1"]
[WhiteElo "1874"]
[BlackElo "2398"]
[PlyCount "60"]
[EventDate "2007.10.15"]

1. e4 c5 2. Nf3 e6 3. d4 cxd4 4. Nxd4 a6 5. Nc3 b5 6. Bd3 Qb6 7. Nb3 Qc7 8. Be3
Nf6 9. Qe2 Bb7 10. f3 d5 11. exd5 b4 12. Ne4 Nxd5 13. Bd2 Be7 14. Qf2 Nd7 15.
O-O O-O 16. Kh1 Ne5 17. Rac1 a5 18. Nd4 Qb6 19. Be2 Rac8 20. c4 bxc3 21. Nxc3
Bc5 22. Nxd5 Bxd5 23. Bc3 Nc6 24. Rfd1 Nxd4 25. Qg3 e5 26. Bd3 Qh6 27. Bd2 Qh5
28. Re1 Nxf3 29. Be2 e4 30. Bc3 Qg6 0-1

[Event "IV Open Internacional Calvià"]
[Site "Calvia"]
[Date "2007.10.15"]
[Round "1.47"]
[White "Sibilio, Mario"]
[Black "Ensenat Calafell, Jose Luis"]
[Result "1-0"]
[WhiteElo "2381"]
[BlackElo "1782"]
[PlyCount "21"]
[EventDate "2007.10.15"]

1. d4 g6 2. Nc3 Bg7 3. h4 Nf6 4. e4 d6 5. Be2 Nbd7 6. Be3 c5 7. e5 dxe5 8. dxe5
Ng8 9. Nf3 Qc7 10. Nd5 Qc6 11. Bb5 1-0

[Event "IV Open Internacional Calvià"]
[Site "Calvia"]
[Date "2007.10.15"]
[Round "1.48"]
[White "Lewandowski, Richard"]
[Black "Caspi, Israel"]
[Result "0-1"]
[WhiteElo "1758"]
[BlackElo "2377"]
[PlyCount "52"]
[EventDate "2007.10.15"]

1. d4 Nf6 2. Nf3 g6 3. g3 Bg7 4. Bg2 O-O 5. O-O d6 6. c4 Nbd7 7. Nc3 e5 8. dxe5
dxe5 9. Bg5 h6 10. Bxf6 Qxf6 11. Ne4 Qe7 12. Nfd2 f5 13. Nc3 c6 14. Rc1 e4 15.
e3 Ne5 16. h3 Be6 17. Ne2 Nd3 18. Rc2 Nxb2 19. Qb1 Nd3 20. Rd1 Rfd8 21. Nd4
Bxd4 22. exd4 Rxd4 23. Bf1 Rad8 24. Bxd3 Rxd3 25. Rb2 R8d7 26. Qc2 Qd8 0-1

[Event "IV Open Internacional Calvià"]
[Site "Calvia"]
[Date "2007.10.15"]
[Round "1.49"]
[White "Mascaro March, Pedro"]
[Black "Lie, Terje"]
[Result "1-0"]
[WhiteElo "2370"]
[BlackElo "1742"]
[PlyCount "75"]
[EventDate "2007.10.15"]

1. d4 Nf6 2. c4 e6 3. Nf3 b6 4. Nc3 Bb7 5. Bg5 Be7 6. e3 O-O 7. Bd3 d5 8. O-O
dxc4 9. Bxc4 Nd5 10. Bxe7 Nxe7 11. Qe2 Nd7 12. Rfd1 Nf6 13. e4 Ng6 14. Rac1 Qe7
15. e5 Nf4 16. Qd2 N6d5 17. Nxd5 Nxd5 18. a3 a5 19. Ba2 Rac8 20. Bb1 f5 21.
exf6 Nxf6 22. Ne5 Be4 23. Bxe4 Nxe4 24. Qe3 Nd6 25. Nc6 Qd7 26. Rc2 Nf5 27. Qe5
Nd6 28. Rdc1 Rf5 29. Qe2 Ne8 30. Re1 Rf6 31. d5 Kf8 32. dxe6 Qd5 33. h3 Rg6 34.
Qe4 Rg5 35. Qf4+ Rf5 36. Qh4 Rg5 37. f4 Rh5 38. Qe7+ 1-0

[Event "IV Open Internacional Calvià"]
[Site "Calvia"]
[Date "2007.10.15"]
[Round "1.50"]
[White "Baldo Company, Jordi"]
[Black "Das, Arghyadip"]
[Result "0-1"]
[WhiteElo "1728"]
[BlackElo "2367"]
[PlyCount "38"]
[EventDate "2007.10.15"]

1. e4 c5 2. f4 Nc6 3. Nc3 g6 4. Nf3 Bg7 5. Bc4 e6 6. O-O Nge7 7. Qe1 O-O 8. d3
d5 9. Bb5 Nd4 10. Nxd4 Bxd4+ 11. Kh1 a6 12. Ba4 b5 13. Bb3 c4 14. Ne2 Bg7 15.
exd5 exd5 16. dxc4 dxc4 17. Ba4 bxa4 18. Qb4 Bg4 19. Ng3 c3 0-1

[Event "IV Open Internacional Calvià"]
[Site "Calvia"]
[Date "2007.10.15"]
[Round "1.51"]
[White "Sveshnikov, Vladimir"]
[Black "Olias Munoz, Francisco"]
[Result "1-0"]
[WhiteElo "2366"]
[BlackElo "1950"]
[PlyCount "55"]
[EventDate "2007.10.15"]

1. e4 c5 2. c3 d6 3. d4 cxd4 4. cxd4 g6 5. Nc3 Bg7 6. Be3 Nf6 7. f3 O-O 8. Qd2
Nc6 9. O-O-O Bd7 10. Kb1 a6 11. g4 b5 12. g5 Ne8 13. h4 e5 14. d5 Nd4 15. Bxd4
exd4 16. Nce2 d3 17. Ng3 Qb6 18. Bxd3 Rc8 19. N1e2 f6 20. h5 fxg5 21. hxg6 Rxf3
22. gxh7+ Kh8 23. Qxg5 Qc5 24. Rhf1 Qb4 25. e5 Rxf1 26. Rxf1 Nc7 27. Nf4 Be8
28. Nf5 1-0

[Event "IV Open Internacional Calvià"]
[Site "Calvia"]
[Date "2007.10.15"]
[Round "1.52"]
[White "Russo, Carmelo"]
[Black "Mihailovs, Jurijs"]
[Result "0-1"]
[WhiteElo "1702"]
[BlackElo "2366"]
[PlyCount "24"]
[EventDate "2007.10.15"]

1. d4 Nf6 2. Nf3 g6 3. g3 c5 4. Bg2 cxd4 5. Qxd4 Nc6 6. Qh4 h6 7. O-O Bg7 8. c3
d6 9. Qa4 Bd7 10. Nd4 Qc7 11. Nd2 O-O 12. Qc2 Nxd4 0-1

[Event "IV Open Internacional Calvià"]
[Site "Calvia"]
[Date "2007.10.15"]
[Round "1.53"]
[White "Bykhovsky, Anatoly"]
[Black "Kuenitz, Klaus"]
[Result "1-0"]
[WhiteElo "2364"]
[BlackElo "1695"]
[PlyCount "36"]
[EventDate "2007.10.15"]

1. d4 f5 2. Nc3 g6 3. h4 h6 4. e4 d6 5. Bd3 e6 6. g4 Ne7 7. gxf5 exf5 8. Be3
Nbc6 9. Nge2 Nb4 10. Bc4 fxe4 11. d5 Bg7 12. Qd2 b6 13. Nxe4 a5 14. c3 Ba6 15.
Bxa6 Nxa6 16. Nf4 Kf7 17. Ne6 Qe8 18. Nxg7 Kxg7 1-0

[Event "IV Open Internacional Calvià"]
[Site "Calvia"]
[Date "2007.10.15"]
[Round "1.54"]
[White "Febrero Perez, Lluis"]
[Black "Fierro Baquero, Martha L"]
[Result "0-1"]
[WhiteElo "1690"]
[BlackElo "2345"]
[PlyCount "40"]
[EventDate "2007.10.15"]

1. e4 g6 2. Nf3 Bg7 3. d4 c5 4. c3 cxd4 5. cxd4 d5 6. e5 Nc6 7. Nc3 Nh6 8. Bb5
Bg4 9. h3 Bxf3 10. Qxf3 O-O 11. Bxc6 bxc6 12. Bg5 f6 13. exf6 exf6 14. Be3 Qb6
15. Qe2 Rab8 16. Rb1 Nf5 17. O-O Rfe8 18. Qd3 Nxe3 19. fxe3 f5 20. b3 Rxe3 0-1

[Event "IV Open Internacional Calvià"]
[Site "Calvia"]
[Date "2007.10.15"]
[Round "1.55"]
[White "Zozulia, Anna"]
[Black "Ramon Sanchez Campins, Pedro"]
[Result "0-1"]
[WhiteElo "2343"]
[BlackElo "1660"]
[PlyCount "69"]
[EventDate "2007.10.15"]

1. e4 c6 2. d4 d5 3. e5 Bf5 4. Nf3 e6 5. Be2 c5 6. O-O Nc6 7. Be3 Qb6 8. Nc3 c4
9. b3 cxb3 10. axb3 Bg4 11. Na4 Qc7 12. c4 Nge7 13. Nc3 Qd8 14. Nb5 Nf5 15.
cxd5 Nxe3 16. fxe3 exd5 17. Ng5 Bxe2 18. Qxe2 Qxg5 19. Nc7+ Kd7 20. Nxa8 Be7
21. Qb5 Kc8 22. Nb6+ axb6 23. Ra8+ Kc7 24. Rxh8 Qxe3+ 25. Kh1 Nxd4 26. Qxd5 Nf5
27. Qc4+ Bc5 28. Qxf7+ Ne7 29. Rxh7 Qxe5 30. Qxg7 Qxg7 31. Rxg7 Kc6 32. h4 Nd5
33. h5 Bd4 34. h6 Ne3 35. Rff7 0-1

[Event "IV Open Internacional Calvià"]
[Site "Calvia"]
[Date "2007.10.15"]
[Round "1.56"]
[White "Moragues Liebana, Salvador"]
[Black "Pinheiro, Jose"]
[Result "0-1"]
[WhiteElo "1604"]
[BlackElo "2331"]
[PlyCount "74"]
[EventDate "2007.10.15"]

1. c4 c5 2. Nc3 g6 3. Nf3 Bg7 4. d4 cxd4 5. Nxd4 Nc6 6. e3 Nf6 7. Be2 O-O 8.
O-O d6 9. Bd2 Bd7 10. a3 Qb6 11. Nxc6 bxc6 12. b4 Bf5 13. f3 Nd7 14. Kh1 Bxc3
15. Bxc3 Qxe3 16. Qd4 Qxd4 17. Bxd4 a5 18. g4 Be6 19. f4 c5 20. bxc5 Nxc5 21.
Bxc5 dxc5 22. Rab1 Rab8 23. Rb5 Rxb5 24. cxb5 Rd8 25. Rd1 Rb8 26. Rc1 Rc8 27.
b6 a4 28. Kg2 Rb8 29. Rb1 Bb3 30. Rc1 Rxb6 31. Rxc5 Rd6 32. Rc3 Rd2 33. Kf3 Ra2
34. f5 Rxa3 35. Kf4 Ra2 36. Bc4 Rc2 37. Bxb3 Rxc3 0-1

[Event "IV Open Internacional Calvià"]
[Site "Calvia"]
[Date "2007.10.15"]
[Round "1.57"]
[White "Aleskerov, Faik"]
[Black "Dominguez Almansa, Flora"]
[Result "1-0"]
[WhiteElo "2327"]
[BlackElo "1408"]
[PlyCount "37"]
[EventDate "2007.10.15"]

1. e4 e5 2. Nf3 Nc6 3. d4 exd4 4. Bc4 Nf6 5. O-O Bc5 6. e5 Ng4 7. Bxf7+ Kf8 8.
Bb3 d6 9. e6 h6 10. c3 Qf6 11. cxd4 Nxd4 12. Nxd4 Qxd4 13. Qf3+ Nf6 14. Nc3 c6
15. Be3 Qg4 16. Bxc5 dxc5 17. Qe3 b6 18. Rad1 Ke7 19. Qe5 1-0

[Event "IV Open Internacional Calvia"]
[Site "Calvia"]
[Date "2007.10.16"]
[Round "2.2"]
[White "Wojtaszek, Radoslaw"]
[Black "Wirig, Anthony"]
[Result "1/2-1/2"]
[WhiteElo "2635"]
[BlackElo "2467"]
[PlyCount "109"]
[EventDate "2007.??.??"]

1. d4 d5 2. c4 c6 3. Nf3 Nf6 4. Nc3 dxc4 5. a4 Bf5 6. Ne5 e6 7. f3 c5 8. e4 Bg6
9. Be3 cxd4 10. Qxd4 Qxd4 11. Bxd4 Nfd7 12. Nxd7 Nxd7 13. Bxc4 Rc8 14. Ba2 a5
15. Ke2 Rg8 16. Nb5 Bc5 17. Bc3 b6 18. h4 h5 19. Rhd1 Ke7 20. Rd2 f6 21. Rad1
Rgd8 22. Rd3 Be8 23. Nd6 Bxd6 24. Rxd6 Bf7 25. R1d2 Rc7 26. f4 Rb8 27. f5 Nc5
28. e5 Ne4 29. fxe6 Be8 30. exf6+ gxf6 31. R6d4 Nxd2 32. Kxd2 Rd8 33. Rxd8 Kxd8
34. Bxf6+ Kc8 35. Bb3 b5 36. axb5 Bxb5 37. Ke3 Bc4 38. Bd1 Bxe6 39. Bxh5 Kd7
40. Bf3 Rc4 41. Bd4 Kd6 42. h5 Rc1 43. g4 Bd5 44. Be2 Re1 45. Kf2 Rh1 46. Kg3
Ke6 47. Bd3 Kf7 48. Kf4 Be6 49. Be2 Kg8 50. Bc3 a4 51. g5 Rh4+ 52. Ke5 Bc4 53.
Bf3 Rh3 54. Kf4 Bb3 55. Ke4 1/2-1/2

[Event "IV Open Internacional Calvia"]
[Site "Calvia"]
[Date "2007.10.16"]
[Round "2.3"]
[White "Arakhamia-Grant, Ketevan"]
[Black "Mchedlishvili, Mikheil"]
[Result "0-1"]
[WhiteElo "2432"]
[BlackElo "2631"]
[PlyCount "80"]
[EventDate "2007.??.??"]

1. e4 e5 2. Nf3 Nc6 3. Bb5 Nf6 4. d3 Bc5 5. c3 O-O 6. O-O Re8 7. Bg5 h6 8. Bh4
a6 9. Ba4 Ba7 10. Nbd2 d6 11. h3 Bd7 12. Nh2 Kh8 13. Kh1 g5 14. Bg3 Qe7 15. Ng4
Nxg4 16. hxg4 Kg7 17. Bxc6 bxc6 18. f3 h5 19. Bf2 Bxf2 20. Rxf2 hxg4 21. fxg4
Rh8+ 22. Kg1 Rh4 23. Nf1 Rah8 24. Ng3 Rxg4 25. Qf3 Kg8 26. Nf5 Bxf5 27. exf5
Rgh4 28. Rff1 d5 29. Qe3 Qf6 30. Rae1 Rh1+ 31. Kf2 Qxf5+ 32. Ke2 Qg4+ 33. Qf3
Qxf3+ 34. Kxf3 Rxf1+ 35. Rxf1 Kg7 36. Re1 Kf6 37. Re2 Ke6 38. Kg4 f6 39. g3 Rh1
40. a3 c5 0-1

[Event "IV Open Internacional Calvia"]
[Site "Calvia"]
[Date "2007.10.16"]
[Round "2.5"]
[White "Manik, Mikulas"]
[Black "Malakhatko, Vadim"]
[Result "1/2-1/2"]
[WhiteElo "2420"]
[BlackElo "2596"]
[PlyCount "29"]
[EventDate "2007.??.??"]

1. e4 e6 2. d4 d5 3. Nc3 Nf6 4. Bg5 dxe4 5. Nxe4 Be7 6. Bxf6 gxf6 7. Nf3 f5 8.
Nc3 a6 9. g3 b5 10. Bg2 Bb7 11. Qe2 b4 12. Na4 Qd5 13. O-O Qb5 14. Qe5 Qxe5 15.
Nxe5 1/2-1/2

[Event "IV Open Internacional Calvia"]
[Site "Calvia"]
[Date "2007.10.16"]
[Round "2.6"]
[White "Berg, Emanuel"]
[Black "Larino Nieto, David"]
[Result "0-1"]
[WhiteElo "2593"]
[BlackElo "2428"]
[PlyCount "41"]
[EventDate "2007.??.??"]

1. e4 d5 2. exd5 Qxd5 3. Nc3 Qa5 4. d4 Nf6 5. Bc4 Bg4 6. f3 Bf5 7. Nge2 e6 8.
g4 Bg6 9. h4 h6 10. Nf4 Nc6 11. Nxg6 fxg6 12. Bxe6 Rd8 13. d5 Bd6 14. Qd3 Ne7
15. Bd2 c6 16. O-O-O b5 17. dxc6 b4 18. Nb5 Bc7 19. Qc4 a6 20. Nxc7+ Qxc7 21.
Bf4 0-1

[Event "IV Open Internacional Calvia"]
[Site "Calvia"]
[Date "2007.10.16"]
[Round "2.7"]
[White "Pogorelov, Ruslan"]
[Black "Gagunashvili, Merab"]
[Result "1/2-1/2"]
[WhiteElo "2411"]
[BlackElo "2584"]
[PlyCount "25"]
[EventDate "2007.??.??"]

1. d4 d5 2. Nf3 Nf6 3. c4 c6 4. Nc3 dxc4 5. a4 Bf5 6. e3 e6 7. Bxc4 Bb4 8. O-O
O-O 9. Qe2 Nbd7 10. e4 Bg6 11. e5 Nd5 12. Nxd5 cxd5 13. Bd3 1/2-1/2

[Event "IV Open Internacional Calvia"]
[Site "Calvia"]
[Date "2007.10.16"]
[Round "2.8"]
[White "Mikhalevski, Victor"]
[Black "Gonzalez, Rodriguez Jorge A"]
[Result "1-0"]
[WhiteElo "2584"]
[BlackElo "2405"]
[PlyCount "148"]
[EventDate "2007.??.??"]

1. d4 Nf6 2. c4 e6 3. Nf3 Bb4+ 4. Bd2 Qe7 5. g3 b6 6. Bg2 Bb7 7. O-O Bxd2 8.
Qxd2 d6 9. Nc3 Ne4 10. Nxe4 Bxe4 11. d5 e5 12. Bh3 Bxf3 13. exf3 O-O 14. f4
exf4 15. Qxf4 Nd7 16. Rae1 Ne5 17. Re3 Rae8 18. b4 g6 19. Qd4 Qd8 20. c5 Nd7
21. Bxd7 Qxd7 22. c6 Qf5 23. Rfe1 Rxe3 24. Rxe3 f6 25. Kg2 Kf7 26. g4 Qc8 27.
Re6 Qd8 28. f4 Re8 29. Qe3 Rxe6 30. dxe6+ Ke7 31. f5 gxf5 32. gxf5 Qg8+ 33. Qg3
Qxg3+ 34. hxg3 b5 35. Kf3 Kf8 36. Kg4 Ke7 37. Kf4 Kf8 38. g4 h6 39. Ke4 Ke7 40.
Kd4 Kf8 41. Kc3 Ke7 42. Kb3 a6 43. Kc3 Kf8 44. Kb3 Ke7 45. a4 Kf8 46. a5 Ke7
47. Kc3 Kf8 48. Kd4 Ke8 49. Ke3 Ke7 50. Kf4 Kf8 51. Kg3 Ke7 52. Kf3 Kf8 53. Kg3
Ke7 54. Kh4 d5 55. Kg3 Kd6 56. Kf4 Kxc6 57. Ke3 Kd6 58. Kd4 c6 59. Kd3 Ke7 60.
Kc3 Ke8 61. Kd4 Kd8 62. Kd3 Ke7 63. Ke3 Kd6 64. Kd4 Kc7 65. Kc5 Kd8 66. Kb6 d4
67. Kxa6 Kc7 68. e7 Kd7 69. Kb6 d3 70. a6 d2 71. a7 d1=Q 72. e8=Q+ Kxe8 73.
a8=Q+ Ke7 74. Qb7+ Kf8 1-0

[Event "IV Open Internacional Calvia"]
[Site "Calvia"]
[Date "2007.10.16"]
[Round "2.10"]
[White "Mamedov, Rauf"]
[Black "Martinez Martin, David"]
[Result "1-0"]
[WhiteElo "2582"]
[BlackElo "2400"]
[PlyCount "85"]
[EventDate "2007.??.??"]

1. Nf3 Nf6 2. c4 g6 3. b3 Bg7 4. Bb2 d6 5. d4 O-O 6. g3 e5 7. dxe5 Ng4 8. Nc3
Nxe5 9. Bg2 Nbc6 10. Nxe5 Nxe5 11. O-O f5 12. Qd2 Rb8 13. Rad1 Be6 14. h3 g5
15. f4 gxf4 16. gxf4 Ng6 17. e3 Qf6 18. Kh2 Kh8 19. Rg1 Rg8 20. Bf3 a6 21. Bh5
Bf7 22. Rg5 h6 23. Rg3 Kh7 24. Rb1 Qh4 25. Bxg6+ Bxg6 26. Rbg1 Bxc3 27. Bxc3
Qe7 28. Qg2 Qf7 29. h4 h5 30. Qe2 Kh6 31. Rg5 Rbe8 32. R1g3 Re4 33. Ba1 Re6 34.
Qb2 Qf8 35. Qg2 Qe8 36. Qb2 Qf8 37. Qd4 c5 38. Qd5 Qf7 39. e4 Qe8 40. exf5 Re2+
41. Kh3 Re3 42. fxg6 Rxg6 43. Rxh5# {Qd8# Qd1+} 1-0

[Event "IV Open Internacional Calvia"]
[Site "Calvia"]
[Date "2007.10.16"]
[Round "2.11"]
[White "Aloma Vidal, Robert"]
[Black "Spraggett, Kevin"]
[Result "1/2-1/2"]
[WhiteElo "2398"]
[BlackElo "2580"]
[PlyCount "44"]
[EventDate "2007.??.??"]

1. d4 Nf6 2. c4 g6 3. Nc3 Bg7 4. e4 d6 5. Nf3 O-O 6. h3 c5 7. d5 e6 8. Bd3 Na6
9. O-O Nc7 10. dxe6 Nxe6 11. Be3 Nd7 12. Qd2 Ne5 13. Nxe5 dxe5 14. Nd5 Nd4 15.
f4 exf4 16. Bxf4 Be6 17. Rae1 Qd7 18. Bg5 Bxd5 19. exd5 Rae8 20. b4 b6 21. bxc5
bxc5 22. Bf4 Rxe1 1/2-1/2

[Event "IV Open Internacional Calvia"]
[Site "Calvia"]
[Date "2007.10.16"]
[Round "2.12"]
[White "Hamdouchi, Hichem"]
[Black "Sibilio, Mario"]
[Result "1-0"]
[WhiteElo "2576"]
[BlackElo "2381"]
[PlyCount "67"]
[EventDate "2007.??.??"]

1. e4 d6 2. d4 g6 3. Nc3 a6 4. Be3 b5 5. Qd2 Bb7 6. f3 Nd7 7. O-O-O Bg7 8. Kb1
Nb6 9. a3 e6 10. h4 Nf6 11. Bh6 Bxh6 12. Qxh6 Qe7 13. Nge2 Ng8 14. Qe3 Nf6 15.
Nc1 Rb8 16. Ka1 h6 17. Be2 Ba8 18. N1a2 Nfd7 19. h5 g5 20. f4 gxf4 21. Qxf4 e5
22. dxe5 Nxe5 23. Nb4 Bb7 24. Ncd5 Nxd5 25. exd5 Kf8 26. Qf2 Rg8 27. Rh3 Rg5
28. c3 Ra8 29. Nc2 Bc8 30. Re3 Kg7 31. Nd4 Bd7 32. Rf1 Rg8 33. g4 Qd8 34. Rxe5
1-0

[Event "IV Open Internacional Calvia"]
[Site "Calvia"]
[Date "2007.10.16"]
[Round "2.13"]
[White "Caspi, Israel"]
[Black "Maze, Sebastien"]
[Result "1-0"]
[WhiteElo "2377"]
[BlackElo "2576"]
[PlyCount "97"]
[EventDate "2007.??.??"]

1. e4 c5 2. Nf3 e6 3. d4 cxd4 4. Nxd4 a6 5. Nc3 b5 6. Bd3 Qb6 7. Nf3 d6 8. O-O
Nd7 9. a4 b4 10. a5 Qc7 11. Na2 Ngf6 12. Bd2 Bb7 13. Bxb4 Nxe4 14. Bxe4 Bxe4
15. Nc3 Bb7 16. Re1 Nf6 17. Nd4 Rd8 18. Qe2 Be7 19. f3 g6 20. Na4 Nd5 21. Bd2
e5 22. c4 Nf6 23. Nb3 O-O 24. Rac1 Nd7 25. Kh1 Bc6 26. Nc3 Qb7 27. Na1 f5 28.
b4 Nf6 29. b5 Bd7 30. Nc2 Ra8 31. Nb4 Bd8 32. Ra1 axb5 33. a6 Qb8 34. cxb5 Bb6
35. Rab1 Rc8 36. Nbd5 Kf7 37. Nxf6 Kxf6 38. Nd5+ Ke6 39. Be3 Bxe3 40. Nxe3 Rc5
41. b6 Ra5 42. Qc4+ Ke7 43. b7 R8xa6 44. Nd5+ Rxd5 45. Qxa6 Kd8 46. Qa8 Kc7 47.
Rec1+ Rc5 48. Qa5+ Kc6 49. Qb5+ 1-0